Disertationes scholasticae de S. Joseph unigenti filii Dei putativo patri, deique genetris sponso digníssimo.

Detalles Bibliográficos
Autor principal: PERALTA, Antonio
Formato: Libro
Publicado: Amberes 1734
Materias:
Colección:Banco de datos
Acervo:Biblioteca del Museo Regional de Querétaro. INAH. Querétaro
Tema general:Hagiografía
Notas:Regular. 4J3, 9.
LEADER 00735nam a22001930004500
035 |a 23569 
036 |a 2054 
100 1 |a PERALTA, Antonio 
245 1 0 |a Disertationes scholasticae de S. Joseph unigenti filii Dei putativo patri, deique genetris sponso digníssimo. 
260 |a Amberes  |b Juan Bautista Verdussen imp.  |c 1734 
500 |a Regular. 4J3, 9. 
650 1 0 |a Hagiografía 
949 |a C.R.Q. 
959 |a Ex convento Grande de San Francisco de la ciudad de Querétaro, Museo Regional de Querétaro  |b CCC2 
960 |a Convento Grande de San Francisco de la ciudad de Querétaro  |b DD68 
961 |a Franciscana  |b OF 
942 |c C.R.Q. 
943 |g Biblioteca del Museo Regional de Querétaro. INAH. Querétaro 
999 |c 979885  |d 979885